000 00813nam a2200217Ii 4500
003 JO-AjNU
008 230605s9999||||xx |||||||||||||| ||und||
017 _a2004/5/1108
040 _aJO-AjNU
_bara
_erda
_cJO-AjNU
041 _aara
050 1 4 _aJC319.M85.2005
100 3 _a المومني ، محمد أحمد عقلة ,
_eauthor
_950615
245 0 0 _aالجغرافيا السياسية والجيوبولتيكا في القرن الواحد والعشرين
250 _a(د،ط)
264 3 1 _aاربد : دار الكتاب الثقافي ،2005
300 _a309ص
336 _atext
_btxt
_2rdacontent
337 _aunmediated
_bn
_2rdamedia
338 _avolume
_bnc
_2rdacarrier
650 4 _aالجغرافيا السياسية -- الجيوبولوتيكا -- العصر الحديث
_950616
999 _aA22307
_c25875
_d25875